Statistics for Most Dangerous Countries In The World

Click here to take the quiz!

General Stats

  • This quiz has been taken 20 times
  • The average score is 4 of 15

Answer Stats

Answer% Correct
Honduras
60%
Colombia
60%
Yemen
40%
El Salvador
40%
Venezuela
40%
Pakistan
30%
Nigeria
30%
Egypt
25%
Kenya
25%
Ukraine
20%
Lebanon
20%
Chad
20%
Bangladesh
10%
Philippines
5%
Mali
5%

Score Distribution

Percentile by Number Answered

Percent of People with Each Score

Your Score History

You have not taken this quiz